Every Men’s Singles Champion in WWE History - Statistics

General Stats
  • This quiz has been taken 65 times
    62 since last reset
  • The average score is 279 of 402
Answer Stats
Year Champioship % Correct
2001 | 2003 Booker T
95%
1984 Hulk Hogan
95%
2004 | 2005 | 2008 John Cena
95%
2005 | 2009 Batista
93%
1991 | 1992 | 1998 Bret Hart
93%
1963 Bruno Sammartino
93%
2003 | 2004 | 2007 | 2018 Randy Orton
93%
2006 | 2009 | 2011 | 2019 Rey Mysterio
93%
1992 | 1996 | 1997 | 2002 Shawn Michaels
93%
1996 | 1997 | 1999 | 2002 Triple H
93%
2012 | 2013 | 2021 Big E
91%
1999 | 2003 | 2006 | +2 others Big Show
91%
2023 Dominik Mysterio
91%
2000 | 2003 | 2004 Eddie Guerrero
91%
2015 | 2016 | 2017 | 2018 Roman Reigns
91%
2009 | 2010 | 2012 The Miz
91%
1991 | 2007 The Undertaker
91%
2016 | 2017 | 2020 AJ Styles
88%
2006 | 2019 | 2021 Bobby Lashley
88%
2020 Braun Strowman
88%
2017 | 2019 Bray Wyatt
88%
1999 | 2000 | 2001 | +2 others Chris Jericho
88%
2011 | 2024 Cody Rhodes
88%
2020 Drew Mcintyre
88%
2009 | 2017 | 2024 Drew McIntyre
88%
1999 | 2001 | 2006 | 2007 Edge
88%
1998 | 2001 | 2002 | +2 others Kane
88%
1997 | 1998 Owen Hart
88%
1977 | 1992 | 2005 Ric Flair
88%
2012 | 2015 | 2018 | +3 others Seth Rollins
88%
2009 | 2011 | 2012 Sheamus
88%
1993 | 1997 | 1998 “Stone Cold” Steve Austin
88%
1997 | 1998 The Rock
88%
1988 André the Giant
86%
2002 | 2017 Brock Lesnar
86%
1999 | 2000 | 2004 Chris Benoit
86%
2007 | 2008 | 2009 | 2011 CM Punk
86%
2010 | 2011 | 2013 | 2015 Daniel Bryan
86%
1999 David Flair
86%
2010 | 2011 | 2022 Dolph Ziggler
86%
1998 | 2003 | 2017 Goldberg
86%
2022 | 2024 Gunther
86%
2001 | 2002 | 2008 | +2 others Jeff Hardy
86%
2015 | 2016 | 2017 Kevin Owens
86%
2000 | 2001 | 2006 Kurt Angle
86%
1999 | 2008 | 2011 Mark Henry
86%
2001 | 2008 Matt Hardy
86%
2002 | 2006 RVD
86%
1999 Shane McMahon
86%
2011 | 2013 | 2015 Alberto Del Rio
84%
2020 | 2021 | 2024 Damian Priest
84%
2013 | 2015 | 2016 Dean Ambrose
84%
1987 Dusty Rhodes
84%
2016 | 2019 | 2022 Finn Balor
84%
2017 | 2018 Jinder Mahal
84%
2014 | 2020 Sami Zayn
84%
1999 Vince McMahon
84%
2001 | 2009 | 2011 Christian
81%
1994 Diesel
81%
1993 Dustin Rhodes
81%
2001 | 2004 | 2006 | 2009 JBL
81%
2016 | 2018 | 2019 Shinsuke Nakamura
81%
1983 The Iron Sheik
81%
1988 | 1990 Ultimate Warrior
81%
1978 Bob Backlund
79%
2022 | 2024 Bron Breakker
79%
2024 Jey Uso
79%
2008 | 2009 | 2019 Kofi Kingston
79%
1998 Mankind
79%
1988 Randy”Macho Man” Savage
79%
1986 Randy “Macho Man” Savage
79%
2018 | 2019 | 2022 Ricochet
79%
1981 | 1991 Sgt. Slaughter
79%
1996 | 1999 Sycho Sid
79%
1987 The Honky Tonk Man
79%
1993 | 1999 Razor Ramon
77%
1993 Yokozuna
77%
2012 Jack Swagger
74%
1971 | 1980 Pedro Morales
74%
1977 | 1987 Ricky Steamboat
74%
2010 R-Truth
74%
2011 Wade Barrett
74%
2018 Aleister Black
72%
2017 | 2019 Andrade
72%
1963 Buddy Rogers
72%
2023 Dragon Lee
72%
2020 Keith Lee
72%
2014 | 2017 Neville
72%
1981 | 1992 Roddy Piper
72%
2016 | 2019 Samoa Joe
72%
2018 | 2019 Adam Cole
70%
2022 Austin Theory
70%
2017 | 2018 Bobby Roode
70%
2006 Booker T
70%
1971 Ivan Koloff
70%
2019 Johnny Gargano
70%
2024 LA Knight
70%
2023 Logan Paul
70%
2014 Luke Harper
70%
2007 | 2012 Santino Marella
70%
2018 Tommaso Ciampa
70%
2011 | 2016 Zack Ryder
70%
2020 | 2021 Apollo Crews
67%
1977 Billy Graham
67%
1992 | 1997 British Bulldog
67%
2021 | 2022 | 2023 Carmelo Hayes
67%
2012 Cesaro
67%
2006 John Morrison
67%
2007 MVP
67%
2023 | 2024 Trick Williams
67%
2022 Wes Lee
67%
2013 Bo Dallas
65%
2004 | 2005 Carlito
65%
1999 | 2000 Chyna
65%
2011 Ezekiel Jackson
65%
1995 | 1997 | 1999 Jeff Jarrett
65%
2016 | 2017 Kalisto
65%
1989 Michael Hayes
65%
2024 Oba Femi
65%
2015 Ryback
65%
2004 | 2008 Shelton Benjamin
65%
2007 The Great Khali
65%
2019 Velveteen Dream
65%
1998 X-Pac
65%
1998 | 1999 D’Lo Brown
63%
2023 Ilja Dragunov
63%
2021 Karrion Kross
63%
1979 Pat Patterson
63%
2007 Umaga
63%
2000 | 2002 William Regal
63%
2017 Enzo Amore
60%
1996 Goldust
60%
1985 Magnum TA
60%
1990 | 1997 Mr. Perfect
60%
2000 Rikishi
60%
2014 Rusev
60%
2022 Solo Sikoa
60%
2001 Albert
58%
2013 Curtis Axel
58%
2024 Ethan Page
58%
1987 Lex Luger
58%
2005 Orlando Jordan
58%
1989 | 1991 Rick Rude
58%
1973 Stan Stasiak
58%
2001 Test
58%
2000 Billy Gunn
56%
2018 Cedric Alexander
53%
2006 Finlay
53%
2000 | 2001 Lance Storm
53%
2000 Perry Saturn
53%
2001 Rick Steiner
53%
2021 Riddle
53%
1999 Road Dogg
53%
1999 Scott Steiner
53%
2002 Spike Dudley
53%
1999 The Godfather
53%
1996 Ahmed Johnson
51%
2021 Bronson Reed
51%
2018 Buddy Murphy
51%
1995 Dean Douglas
51%
1997 Dean Malenko
51%
1994 Jim Duggan
51%
1993 Marty Jannetty
51%
2001 Shane Douglas
51%
1999 Val Venis
51%
1997 | 2002 DDP
49%
1982 | 1984 Greg Valentine
49%
1975 Harley Race
49%
1975 Johnny Valentine
49%
1998 Ken Shamrock
49%
2019 | 2021 Roderick Strong
49%
2017 Akira Tozawa
47%
1981 Don Muraco
47%
2021 Isiah “Swerve” Scott
47%
2020 Leon Ruff
47%
1991 Sting
47%
2016 TJ Perkins
47%
2024 Tony D’Angelo
47%
2009 | 2010 Jack Swagger
44%
2008 Matt Hardy
44%
2006 Mr. Kennedy
44%
1990 Texas Tornado
44%
2016 The Brian Kendrick
44%
2019 Tony Nese
44%
2017 Baron Corbin
42%
2011 Dolph Ziggler
42%
2019 Drew Gulak
42%
1998 Raven
42%
2020 Santos Escobar
42%
1984 Tito Santana
42%
2009 Tommy Dreamer
42%
1988 Barry Windham
40%
1979 Jimmy Snuka
40%
1980 Ken Patera
40%
2019 Lio Rush
40%
2016 Rich Swann
40%
1994 Vader
40%
2019 Angel Garza
37%
2020 Jordan Devlin
37%
1996 Marc Mero
37%
1975 | 2000 Terry Funk
37%
1992 The Mountie
37%
1985 Tully Blanchard
37%
1999 Mideon
35%
2007 Mr. McMahon
35%
2001 Rhyno
35%
2022 Camron Grimes
33%
2007 John Morrison
33%
2021 Kushida
33%
1995 One Man Gang
33%
2001 Tajiri
33%
2009 Ezekiel Jackson
30%
1998 Konnan
30%
2000 Al Snow
28%
2001 The Hurricane
26%
1983 Dick Slater
23%
1976 Blackjack Mulligan
21%
1977 Bobo Brazil
21%
1975 Paul Jones
21%
1981 Wahoo McDaniel
21%
2000 Gen. Rection
19%
1997 Steve McMichael
19%
1995 Kensuke Sasaki
16%
1978 Mr. Wrestling
16%
1990 Stan Hansen
16%
1986 Nikita Koloff
14%
2008 Chaco Gierrero
2%
Year European Championship
2%
Year Intercontinental Championship
2%
Year North American Championship
2%
Year NXT Championship
2%
Year United States Championship
2%
Year Universal Championship
2%
Year World Heavyweight Championship
2%
Year WWE Championship
2%
Year Cruiserweight Championship
0%
Year World Heavyweight Championship (Big Gold)
0%
Year WWECW Championship
0%
No matching quizzes found
Score Distribution
Percent of People with Each Score
Percentile by Number Answered
Your Score History
You have not taken this quiz since the last reset